00997nam a22002417a 4500999001700000003000900017008004100026040007100067082001900138100002300157245004600180260003100226300002600257505019200283650002900475650002500504650001800529650002300547700004900570942001600619945002100635952009900656 c17789d17789AR-CdUCM190509b ||||| |||| 00| 0 spa d aMUNICIPALIDAD PROVINCIAL DEL CUSCOcBIBLIOTECA MUNICIPAL DEL CUSCO a380.973 /bM12 aMcGuire, Joseph W. aEl comercio, la industria y la sociedad / aMéxico :bLimusa,c1965. a423 paginas ;c20 cm. aContenido : Los fundamentos del capitalismo -- Desarrollo de las instituciones comerciales en los Estado Unidos -- Filosofía de los negocios -- El mundo de los negocios y el gobierno... aMundo de negocios937969 aEl capitalismo97569 aNegocios9825 aEstabilidad931631 aGuzman Balbao, Antonio (Traducción)937970 2ddccLIBROS awntsd2019-05-09 002ddc4070aSHbSHcCARTd2019-05-09g45.00o380.973 / M12pSH0000012947r2019-05-09yLIBROS